| 000 | 00717nam a2200217 a 4500 | ||
|---|---|---|---|
| 001 | 000030543 | ||
| 003 | OSt | ||
| 005 | 20240229073937.0 | ||
| 008 | 110523s1953 dr 000 0 spa d | ||
| 040 |
_aDO-SdBNP _bspa _cBNPHU |
||
| 041 | 1 | 7 | _aeng |
| 082 | 4 |
_a923.17293 _bT866t |
|
| 245 | 0 | 0 | _aA tribute to his excellency Rafael Leonidas Trujillo Molina /. |
| 260 |
_aNew York : _bDominican Republic Settlement Association, _c1953. |
||
| 300 |
_a[18] p. ; _c22 cm. |
||
| 590 | _aInventariado, 2019 | ||
| 600 | 1 | 0 |
_aTrujillo Molina, Rafael Leónidas, _d 1891-1961 _976764 |
| 700 | 2 |
_aDominican Republic Settlement Association _976765 |
|
| 710 | 1 |
_aDominican Republic Settlement Association _976766 |
|
| 942 |
_2ddc _cLF1 |
||
| 999 |
_c30035 _d30035 |
||